000 00318nam a2200121Ia 4500
005 20251222143310.0
008 251222s9999||||xx |||||||||||||| ||spa||
082 _a275.5/R83/T.I/Ej.2
100 _aDaniel-Rops, Henry
245 0 _aLa Iglesia del Renacimiento y de la Reforma
264 _bLuis de Caralt
942 _cLIB
999 _c15675
_d15675